[Event "FIDE Chesscom Grand Swiss 2019"]
[Site "Douglas-Isle of Man"]
[Date "2019.10.13"]
[Round "4.1"]
[White "Caruana, Fabiano"]
[Black "Wang, Hao"]
[Result "1/2-1/2"]
[WhiteElo "2812"]
[BlackElo "2726"]
[Annotator "TA"]
[PlyCount "91"]
[EventDate "2019.10.10"]
[EventType "swiss"]
[EventCountry "GBR"]
[SourceTitle "playchess.com"]
[Source "ChessBase"]
[SourceQuality "1"]

{[%evp 18,91,35,8,29,21,18,21,23,15,13,20,14,21,16,21,18,21,27,15,15,15,16,16,25,25,25,24,11,17,24,9,50,38,48,50,58,48,62,19,15,6,0,0,0,0,0,0,23,12,18,0,0,0,0,0,0,0,0,0,-8,0,-11,-33,0,0,18,17,24,26,19,10,22,35,30,13]} 1. e4 e5 2. Nf3 Nf6 3. Nxe5 d6 4. Nf3 Nxe4 5. d4 d5 6. Bd3 Bd6 7. O-O O-O 8. c4 c6 9. Re1 Bf5 10. Qb3 Qd7 {C42: Petroff Defence: 3 Nxe5 and unusual White 3rd moves} 11. Nc3 Nxc3 12. Bxf5 {[%mdl 64] [#] Overworked Piece} Qxf5 {The position is equal.} 13. Qxb7 Qd7 14. Qxd7 $1 (14. Qxa8 $2 {too greedy.} Na4 $19) 14... Nxd7 15. c5 {[#]} Bxh2+ $1 {[%mdl 512]} 16. Nxh2 Ne4 17. Bf4 Rfe8 18. f3 {[#]} Nef6 $146 19. Nf1 Nf8 20. Be5 Ne6 21. Rad1 a5 22. Ne3 Nd7 23. Bd6 g6 24. Rd3 Ra7 25. Nc2 h5 26. Ra3 Rea8 27. Ra4 Ng7 28. Bf4 Nf5 29. Bd2 Nf8 30. Kh2 Ne6 31. g4 hxg4 32. fxg4 Nh4 {Hoping for ...Nf3+.} 33. Kg3 g5 34. Ra3 Ng6 35. Rb3 Ngf4 36. Rb6 Kg7 37. Rh1 Rc7 38. Bc3 Kg6 39. Kf3 Ng7 40. a4 Nfe6 41. b4 axb4 42. Nxb4 Rxa4 43. Nxc6 {aiming for Ne5+.} f6 {Threatens to win with ...Ra3.} 44. Ke3 Ra3 45. Rc1 Ra8 46. Ra1 {Accuracy: White = 75%, Black = 73%.} 1/2-1/2

[Event "FIDE Chesscom Grand Swiss 2019"]
[Site "Douglas-Isle of Man"]
[Date "2019.10.13"]
[Round "4.1"]
[White "Huschenbeth, Niclas"]
[Black "Shankland, Sam"]
[Result "1/2-1/2"]
[WhiteElo "2624"]
[BlackElo "2705"]
[Annotator "RC"]
[PlyCount "64"]
[EventDate "2019.10.10"]
[EventType "swiss"]
[EventCountry "GBR"]
[SourceTitle "playchess.com"]
[Source "ChessBase"]
[SourceQuality "1"]
[TimeControl "40/6000+30:20/3000+30:900+30"]

1. e4 {[%emt 0:00:00]} e5 {[%emt 0:00:00]} 2. Nf3 {[%emt 0:00:00]} Nc6 {[%emt 0:00:00]} 3. Bb5 {[%emt 0:00:00]} a6 {[%emt 0:00:00]} 4. Ba4 {[%emt 0:00:00]} Nf6 {[%emt 0:00:00]} 5. O-O {[%emt 0:00:00]} Bc5 {[%emt 0:00:02]} 6. c3 {[%emt 0:00:13]} b5 {[%emt 0:00:04]} 7. Bb3 {[%emt 0:00:14]} d6 {[%emt 0:00:06]} 8. a4 {[%emt 0:00:32]} Bb7 {[%emt 0:00:21]} 9. d4 {[%emt 0:01:44]} Bb6 {[%emt 0:00:05]} 10. Re1 {[%emt 0:00:34]} O-O {[%emt 0:00:05]} 11. Bg5 {[%emt 0:04:46]} h6 {[%emt 0:00:08]} 12. Bh4 {[%emt 0:00:30]} exd4 {[%emt 0:00:07]} 13. cxd4 {[%emt 0:00:15]} g5 {[%emt 0:00:03]} 14. Nxg5 {[%emt 0:00:55]} hxg5 {[%emt 0:00:04]} 15. Bxg5 {[%emt 0:00:04]} Nxd4 {[%emt 0:00:02]} 16. Bd5 {[%emt 0:01:53]} Ne6 {[%emt 0:00:07]} 17. Bh4 {[%emt 0:16:06]} Bxd5 {[%emt 0:00:08]} 18. exd5 {[%emt 0:00:03]} Ng7 {[%emt 0:00:04]} 19. Qf3 {[%emt 0:19:31]} Re8 {[%emt 0:00:15]} 20. Nc3 {[%emt 0:00:33]} Rxe1+ {[%emt 0:01:12]} 21. Rxe1 {[%emt 0:00:04]} Bd4 {[%emt 0:00:04]} 22. Ne4 {[%emt 0:15:54]} Nge8 {[%emt 0:00:06]} 23. h3 {[%emt 0:05:30]} Rb8 {[%emt 0:00:08]} 24. Nxf6+ {[%emt 0:01:48]} Bxf6 {[%emt 0:01:09]} 25. Rxe8+ {[%emt 0:00:03]} Qxe8 {[%emt 0:00:04]} 26. Bxf6 {[%emt 0:00:04]} Qe1+ {[%emt 0:00:05]} 27. Kh2 {[%emt 0:00:03]} Qb1 {[%emt 0:00:04]} 28. axb5 {[%emt 0:20:07]} axb5 {[%emt 0:00:23]} 29. Qg4+ {[%emt 0:02:21]} Qg6 {[%emt 0:00:06]} 30. Qh4 {[%emt 0:00:02]} Qh7 {[%emt 0:00:08]} 31. Qg5+ {[%emt 0:00:32]} Qg6 {[%emt 0:00:07]} 32. Qh4 {[%emt 0:00:04]} Qh7 {[%emt 0:00:03]} 1/2-1/2

[Event "FIDE Chesscom Grand Swiss 2019"]
[Site "Douglas-Isle of Man"]
[Date "2019.10.13"]
[Round "4.2"]
[White "Alekseenko, Kirill"]
[Black "Grischuk, Alexander"]
[Result "1/2-1/2"]
[WhiteElo "2674"]
[BlackElo "2759"]
[Annotator "ChessBase"]
[PlyCount "60"]
[EventDate "2019.10.10"]
[EventType "swiss"]
[EventCountry "GBR"]
[SourceTitle "playchess.com"]
[Source "ChessBase"]
[SourceQuality "1"]
[TimeControl "40/6000+30:20/3000+30:900+30"]

1. e4 {[%emt 0:00:00]} e5 {[%emt 0:00:00]} 2. Nf3 {[%emt 0:00:04]} Nc6 {[%emt 0:00:00]} 3. Bc4 {[%emt 0:00:42]} Bc5 {[%emt 0:00:00]} 4. c3 {[%emt 0:00:56]} Nf6 {[%emt 0:00:05]} 5. d3 {[%emt 0:00:07]} d6 {[%emt 0:00:17]} 6. O-O {[%emt 0:00:58]} a6 {[%emt 0:00:37]} 7. a4 {[%emt 0:00:14]} Ba7 {[%emt 0:00:30]} 8. a5 {[%emt 0:00:10]} O-O {[%emt 0:02:38]} 9. h3 {[%emt 0:01:26]} h6 {[%emt 0:05:50]} 10. Be3 {[%emt 0:00:22]} Bxe3 {[%emt 0:22:39]} 11. fxe3 {[%emt 0:00:40]} Qe7 {[%emt 0:04:14]} 12. Qb3 {[%emt 0:23:13]} Rb8 {[%emt 0:13:52]} 13. Nbd2 {[%emt 0:01:14]} Be6 {[%emt 0:02:34]} 14. Bxe6 {[%emt 0:07:43]} fxe6 {[%emt 0:01:35]} 15. d4 {[%emt 0:01:40]} Kh7 {[%emt 0:04:56]} 16. Qa2 {[%emt 0:02:42]} g5 {[%emt 0:08:57]} 17. d5 {[%emt 0:12:12]} exd5 {[%emt 0:03:09]} 18. exd5 {[%emt 0:00:14]} e4 {[%emt 0:00:25]} 19. Nxg5+ {[%emt 0:20:24]} hxg5 {[%emt 0:01:52]} 20. dxc6 {[%emt 0:00:08]} bxc6 {[%emt 0:05:10]} 21. Qc4 {[%emt 0:00:53]} Rxb2 {[%emt 0:20:01]} 22. Nxe4 {[%emt 0:00:40]} Nxe4 {[%emt 0:00:10]} 23. Rxf8 {[%emt 0:00:11]} d5 {[%emt 0:00:02]} 24. Qf1 {[%emt 0:01:15]} Kg7 {[%emt 0:00:04]} 25. Qc1 {[%emt 0:13:52]} Re2 {[%emt 0:01:09]} 26. Rf1 {[%emt 0:04:59]} Qe5 {[%emt 0:03:41]} 27. Qa3 {[%emt 0:00:26]} Rxg2+ {[%emt 0:00:47]} 28. Kxg2 {[%emt 0:00:06]} Qg3+ {[%emt 0:00:04]} 29. Kh1 {[%emt 0:00:04]} Qxh3+ {[%emt 0:00:04]} 30. Kg1 {[%emt 0:00:04]} Qg3+ {[%emt 0:00:11]} 1/2-1/2

[Event "FIDE Chesscom Grand Swiss 2019"]
[Site "Douglas-Isle of Man"]
[Date "2019.10.13"]
[Round "4.2"]
[White "Rakhmanov, Aleksandr"]
[Black "Dubov, Daniil"]
[Result "1-0"]
[WhiteElo "2621"]
[BlackElo "2699"]
[Annotator "TA"]
[PlyCount "79"]
[EventDate "2019.10.10"]
[EventType "swiss"]
[EventCountry "GBR"]
[SourceTitle "playchess.com"]
[Source "ChessBase"]
[SourceQuality "1"]

{[%evp 19,79,28,28,21,18,18,25,16,23,31,24,25,24,24,31,29,29,20,37,20,35,25,31,31,70,77,76,70,107,90,104,95,173,171,222,231,256,256,254,254,260,254,266,272,281,281,278,273,258,258,364,344,531,522,516,514,533,525,565,547,500,449]} 1. Nf3 d5 2. g3 g6 3. d4 Bg7 4. Bg2 Nf6 5. O-O O-O 6. c4 dxc4 7. Na3 {[%cal Bb1a3,Ba3c4,Bc4e5][%mdl 32]} c3 8. bxc3 c5 9. Ne5 Nc6 10. Nxc6 bxc6 11. Nc4 {D77: Fianchetto Grünfeld: 6 0-0: Replies other than 6...c6} cxd4 12. cxd4 Be6 13. Ne5 {White has an edge.} Bd5 14. Ba3 Bxg2 15. Kxg2 Qd5+ 16. f3 {Hoping for e4.} Nd7 17. Nxd7 $146 ({Predecessor:} 17. Bxe7 Rfe8 18. e4 Qe6 19. Nxd7 Qxe7 20. Nc5 {0-1 (36) Hesham,A (2450)-Artemiev,V (2736) Astana 2019}) 17... Qxd7 18. Bc5 Rfe8 19. Rc1 Qe6 20. Qc2 Red8 21. Qc4 Qxc4 22. Rxc4 e5 23. dxe5 Rd2 24. f4 Rxa2 25. Kf3 Rb8 (25... Rb2 $16 {was necessary.}) 26. Rd1 $18 h5 (26... Ra5 {was called for.} 27. Rd7 Rc8 28. Rxa7 Rxa7 29. Bxa7 Bf8) 27. Rcd4 Rb5 28. Rd8+ Kh7 29. Be3 g5 30. R8d7 g4+ 31. Kf2 Rbb2 32. R1d2 (32. Bxa7 Rxe2+ 33. Kf1 Rxh2 $11) 32... Rxd2 33. Bxd2 {[%mdl 4096] Endgame KRB-KRB} ({Less strong is} 33. Rxd2 Rxd2 34. Bxd2 Bf8 $14) 33... Kg6 34. Rd6+ Kf5 (34... Kh7 $142 35. Be3 Rc2 36. Bxa7 Bf8) 35. Ke3 Ra3+ (35... f6 {might work better.} 36. Kd3 (36. Rxc6 fxe5 37. Rc5 Ke6 $11) 36... Ra3+ 37. Bc3 Rxc3+ {[%mdl 64] Remove Defender} 38. Kxc3 fxe5) 36. Kd4 {[%csl Gd4][%cal Re2e4] [#] White is clearly winning.} Ra4+ 37. Kd3 c5 38. Bc3 h4 39. e3 h3 40. Rc6 {Accuracy: White = 91%, Black = 43%.} 1-0

[Event "FIDE Chesscom Grand Swiss 2019"]
[Site "Douglas-Isle of Man"]
[Date "2019.10.13"]
[Round "4.3"]
[White "Cheparinov, Ivan"]
[Black "Vitiugov, Nikita"]
[Result "1/2-1/2"]
[WhiteElo "2670"]
[BlackElo "2732"]
[Annotator "TA"]
[PlyCount "173"]
[EventDate "2019.10.10"]
[EventType "swiss"]
[EventCountry "GBR"]
[SourceTitle "playchess.com"]
[Source "ChessBase"]
[SourceQuality "1"]

{[%evp 9,173,22,23,23,28,25,31,22,31,7,31,30,33,29,26,33,43,30,39,8,9,13,11,4,24,12,12,5,23,0,0,-4,-8,0,0,-19,-16,-33,-33,-33,-35,-34,-60,-83,-92,-96,-29,-462,-435,-542,-532,-601,-582,-585,-563,-608,-163,-162,-155,-147,-129,-134,-93,-93,-95,-85,-100,-150,-150,-150,-150,-150,-150,-150,-150,-150,-150,-150,-150,-150,-150,-150,-150,-150,-150,-150,-150,-150,-150,-150,-150,-150,-150,-150,-150,-150,-150,-150,-150,-150,-150,-150,-150,-150,-104,-104,0,-150,0,-150,-150,-150,-150,-150,-150,-150,-150,-150,-106,-106,-21,-21,-17,-17,-17,-17,-17,-17,-17,-17,0,-17,0,-17,0,-21,-21,-113,-113,-113,-21,-21,-21,-21,-8,-8,-8,-18,-37,-59,-74,-88,-8,-8,-8,-8,-8,-8,-8,-8,-8,-8,-8,-8,-8,-8]} 1. d4 Nf6 2. c4 e6 3. Nf3 a6 4. Nc3 d5 5. cxd5 exd5 6. Bg5 {D37: Queen's Gambit Declined: 5 Bf4} Be6 7. e3 Nbd7 8. Bd3 {White is slightly better.} h6 (8... c6 9. Qb3 Qb6 10. Qxb6 Nxb6 11. Bxf6 gxf6 12. Nh4 a5 13. O-O-O Bb4 {1-0 (40) So,W (2767)-Demchenko,A (2655) Khanty-Mansiysk 2019}) 9. Bh4 $146 ({Predecessor:} 9. Bf4 g5 {½-½ (37) Akobian,V (2647)-Deac,B (2549) Caleta 2018}) 9... g5 10. Bg3 Nh5 11. Be5 Nhf6 12. Qb3 g4 13. Bxf6 $1 Qxf6 14. Ne5 Nxe5 15. dxe5 Qxe5 16. Qxb7 {[%mdl 64] Double Attack} Rd8 17. Qc6+ Ke7 18. O-O h5 19. Rae1 Kf6 20. e4 $132 {[%mdl 2048] White has counterplay} Bd6 {[%csl Gd6][%cal Re5h2]} 21. g3 {[%cal Re4d5]} d4 22. Nd5+ Kg7 23. h4 gxh3 24. f4 Bxd5 25. exd5 Qf6 26. Rf3 (26. Qxa6 $2 Rhg8 $19) 26... Rhg8 $1 {...h4 is the strong threat.} 27. Qc2 Rde8 (27... h4 $1 $17 {[%cal Rh4g3]} 28. g4 Kh8) 28. Ref1 $2 {[%mdl 8192]} (28. Rxe8 $11 {and White has nothing to worry.} Rxe8 29. Qf2) 28... Kf8 $1 $19 29. Qh2 h4 30. Qxh3 hxg3 31. Rxg3 {[#]} Rh8 $1 {[%cal Rh8h3]} ({Not} 31... Rxg3+ 32. Qxg3 Re3 33. Rf3 $17) 32. Qg4 Re3 $2 (32... Qh6 {[%csl Gh8][%cal Rh6h2]} 33. Rg2 Re3) 33. Rff3 Rxf3 34. Qxf3 Bxf4 {Threatens to win with ...Qh4.} 35. d6 {White wants to mate with Qa8+.} Qxd6 36. Qa8+ Ke7 37. Qxh8 Bxg3 38. Qh7 Qf4 {( -> ...Qf2+)} 39. Qe4+ Qxe4 40. Bxe4 $17 {[%mdl 4096] Endgame KB-KB} Kd6 41. Kg2 Bf4 42. Bd3 a5 43. Kf3 Bc1 44. b3 Ke5 45. a4 Bd2 46. Bc4 f5 47. Bd3 f4 48. Ke2 Be3 49. Bc2 Kd5 50. Bd1 Kc5 51. Kd3 Kb4 {White must now prevent ...c5.} 52. Kc2 Bf2 53. Be2 Be1 54. Bd1 Bc3 55. Be2 Kc5 56. Kd3 Kd5 57. Bf3+ Kc5 (57... Ke5 $17) 58. Kc2 (58. Be2 $1 $11) 58... Kb4 59. Be2 $1 c5 60. Bc4 f3 61. Bd5 f2 62. Bc4 Be1 63. Bf1 c4 64. Bxc4 Kc5 ({Better is} 64... Ka3 $17 65. Bf1 Bb4) 65. Kd1 $1 $11 Kd6 {And now ...Ke5 would win.} (65... Bc3 {looks sharper.} 66. Ke2 Kb4 67. Kxf2 Bd2 68. Ke2 Kc3) 66. Ke2 Ke5 {Hoping for ...Kf4.} 67. Kf3 Kf5 68. Bd3+ Kg5 69. Be2 Kf5 70. Bd3+ Ke5 71. Bc4 Kd6 72. Ke2 Kc6 73. Kd1 {[#]} (73. Bd3 $11 {remains equal.}) 73... Kc5 $1 $17 74. Bd3 Kd6 ({Black should play} 74... Kb4 $17 75. Kc2 Ka3) 75. Ke2 $11 Kd5 76. b4 axb4 77. a5 b3 78. a6 Kc6 79. Kf1 Kb6 80. Ke2 Bb4 (80... Ka7 $17) 81. Kxf2 {The position is equal.} Bc5 82. Bc4 b2 83. Bd3 Ka5 84. Ke2 Kb4 85. Kd2 $1 Kb3 {Strongly threatening ...Ka2.} 86. Bb1 $1 Bb6 87. Kd3 {Accuracy: White = 73%, Black = 61%.} 1/2-1/2

[Event "FIDE Chesscom Grand Swiss 2019"]
[Site "Douglas-Isle of Man"]
[Date "2019.10.13"]
[Round "4.3"]
[White "Van Foreest, Jorden"]
[Black "Vallejo Pons, Francisco"]
[Result "1/2-1/2"]
[WhiteElo "2621"]
[BlackElo "2694"]
[Annotator "RC"]
[PlyCount "55"]
[EventDate "2019.10.10"]
[EventType "swiss"]
[EventCountry "GBR"]
[SourceTitle "playchess.com"]
[Source "ChessBase"]
[SourceQuality "1"]
[TimeControl "40/6000+30:20/3000+30:900+30"]

1. e4 {[%emt 0:00:00]} e6 {[%emt 0:00:00]} 2. d4 {[%emt 0:00:00]} d5 {[%emt 0:00:00]} 3. Nc3 {[%emt 0:00:00]} Bb4 {[%emt 0:00:00]} 4. e5 {[%emt 0:00:08]} c5 {[%emt 0:00:03]} 5. a3 {[%emt 0:00:08]} Bxc3+ {[%emt 0:00:09]} 6. bxc3 {[%emt 0:00:06]} Qa5 {[%emt 0:00:04]} 7. Bd2 {[%emt 0:00:15]} Qa4 {[%emt 0:00:04]} 8. Qg4 {[%emt 0:00:54]} Kf8 {[%emt 0:00:58]} 9. h4 {[%emt 0:00:17]} Ne7 {[%emt 0:01:01]} 10. h5 {[%emt 0:01:44]} h6 {[%emt 0:00:16]} 11. Qd1 {[%emt 0:00:25]} b6 {[%emt 0:07:04]} 12. Nf3 {[%emt 0:04:06]} Ba6 {[%emt 0:04:35]} 13. dxc5 {[%emt 0:02:21]} Bxf1 {[%emt 0:15:09]} 14. Kxf1 {[%emt 0:00:27]} bxc5 {[%emt 0:05:02]} 15. Rh4 {[%emt 0:00:12]} Qc6 {[%emt 0:13:40]} 16. c4 {[%emt 0:05:49]} Nd7 {[%emt 0:03:08]} 17. Qe2 {[%emt 0:03:53]} Rb8 {[%emt 0:07:19]} 18. a4 {[%emt 0:16:35]} Qa6 {[%emt 0:07:24]} 19. a5 {[%emt 0:05:30]} dxc4 {[%emt 0:01:40]} 20. Rxc4 {[%emt 0:07:30]} Nd5 {[%emt 0:01:47]} 21. Rd1 {[%emt 0:01:02]} Rb2 {[%emt 0:05:59]} 22. Rc1 {[%emt 0:12:14]} Ke7 {[%emt 0:09:40]} 23. Rg4 {[%emt 0:01:01]} Qxe2+ {[%emt 0:00:21]} 24. Kxe2 {[%emt 0:00:05]} Rh7 {[%emt 0:07:35]} 25. Rc4 {[%emt 0:06:27]} Rh8 {[%emt 0:00:00]} 26. Rg4 {[%emt 0:00:41]} Rh7 {[%emt 0:00:00]} 27. Kd3 {[%emt 0:07:13]} Rb8 {[%emt 0:00:49]} 28. Ke2 {[%emt 0:05:14]} 1/2-1/2

[Event "FIDE Chesscom Grand Swiss 2019"]
[Site "Douglas-Isle of Man"]
[Date "2019.10.13"]
[Round "4.4"]
[White "Ragger, Markus"]
[Black "Vovk, Andriy"]
[Result "1-0"]
[WhiteElo "2684"]
[BlackElo "2618"]
[Annotator "TA"]
[PlyCount "83"]
[EventDate "2019.10.10"]
[EventType "swiss"]
[EventCountry "GBR"]
[SourceTitle "playchess.com"]
[Source "ChessBase"]
[SourceQuality "1"]

{[%evp 17,83,8,7,15,8,12,24,23,58,32,26,36,35,27,29,13,25,27,58,23,34,27,29,22,27,25,31,29,39,15,15,8,0,5,47,47,34,27,41,45,99,100,101,104,83,98,94,93,83,81,101,85,158,148,164,160,370,345,346,343,485,275,1031,1030,29980,29981,29976,5681]} 1. d4 Nf6 2. c4 e6 3. Nf3 b6 4. g3 Bb7 5. Bg2 Be7 6. O-O O-O 7. Re1 d5 8. cxd5 exd5 9. Nc3 Ne4 10. Nd2 {[%cal Rc3e4] E17: Queen's Indian: 4 g3 Bb7 5 Bg2 Be7} f5 11. Ndxe4 dxe4 12. Bf4 {White has an edge.} a6 (12... Nc6 13. Nb5 Bd6 14. Qb3+ Rf7 15. Nxd6 cxd6 {1-0 (101) Tomashevsky,E (2718)-Petrov,N (2586) Khanty-Mansiysk 2019}) 13. h4 $146 (13. f3 {is more complex.} Bf6 14. Qb3+ Rf7 15. Rad1 Nc6 16. fxe4 Nxd4 17. Qc4) ({Predecessor:} 13. Rc1 Bd6 14. Bxd6 Qxd6 15. e3 {1-0 (41) Komov,R (2168)-Runets,I (1945) St Petersburg 2017}) 13... Bd6 14. Bxd6 Qxd6 15. e3 Nd7 16. Rc1 Nf6 17. Bf1 g6 18. Ne2 (18. Bc4+ {is interesting.} Kg7 19. Ne2 Nh5 20. Kg2 Qe7 21. Qb3) 18... Nd5 19. Nf4 Nxf4 20. gxf4 Kg7 21. Kg2 h6 22. Bc4 Qe7 23. Kh3 g5 24. Rg1 {[%cal Rh4g5]} g4+ 25. Kg3 Rac8 26. Qb3 Rf6 27. Rgd1 Kg6 28. Bd5 $36 {[%mdl 2048] White has the initiative.} c6 {[#]} (28... Bxd5 $14 29. Qxd5 c6 30. h5+ Kg7) 29. Bc4 $1 $16 b5 30. Be2 Rd8 31. Rc5 Rd5 32. Qc3 Rfd6 33. b4 Qd8 34. Rc1 Qf6 (34... Rd7 $142) 35. Rh1 Kh5 36. Bd1 Rxc5 $2 {[#]} (36... Rd8 $16 37. Bc2 R8d7) 37. Qxc5 $18 Rd5 38. Qa7 Rd7 (38... Bc8 {was necessary.} 39. Bb3 Rd7) 39. Bb3 (39. Qb8 $142) 39... Qe7 $2 (39... Qd6 40. Rc1 Rg7) 40. Qb8 Kg6 41. h5+ Kf6 42. Qg8 {Accuracy: White = 71%, Black = 20%.} 1-0

[Event "FIDE Chesscom Grand Swiss 2019"]
[Site "Douglas-Isle of Man"]
[Date "2019.10.13"]
[Round "4.4"]
[White "Maghsoodloo, Parham"]
[Black "Vidit, Santosh Gujrathi"]
[Result "1-0"]
[WhiteElo "2664"]
[BlackElo "2718"]
[Annotator "TA"]
[PlyCount "95"]
[EventDate "2019.10.10"]
[EventType "swiss"]
[EventCountry "GBR"]
[SourceTitle "playchess.com"]
[Source "ChessBase"]
[SourceQuality "1"]

{[%evp 9,95,0,12,0,12,7,14,-12,-11,-17,13,19,16,12,10,19,39,31,25,29,41,46,50,42,85,34,58,57,58,48,44,45,45,50,87,87,87,88,87,94,92,94,208,213,227,221,245,269,268,275,339,339,473,466,562,351,282,252,252,372,372,372,372,372,372,372,1658,1555,1450,1389,12838,12838,12841,12841,12841,12842,12842,12843,12843,12843,12844,12844,12844,12845,12846,12847,12851,27999]} 1. c4 c5 2. Nf3 Nc6 3. b3 Nf6 4. Bb2 d5 5. cxd5 Nxd5 6. Nc3 {A30: Symmetrical English: Double Fianchetto and Hedgehog} (6. e3 Ndb4 7. d3 Bf5 8. e4 Bg4 9. a3 Bxf3 10. gxf3 Na6 11. d4 cxd4 12. b4 Nc7 13. Nd2 a6 {0-1 (51) Sadorra,J (2553)-Le,Q (2715) Batumi 2018}) 6... e5 7. e3 {Black should prevent Nxd5.} Nxc3 8. Bxc3 {The position is equal.} (8. dxc3 {with more complications.} Bf5 9. Nd2 e4 10. Qc2 Qe7 11. h3) 8... Bd6 9. Bb5 Qe7 (9... Bd7 {is more complex.} 10. O-O O-O 11. d4 cxd4 12. exd4 e4) 10. Bxc6+ $146 ({Predecessor:} 10. O-O O-O 11. d4 cxd4 12. exd4 e4 13. Bxc6 bxc6 {0-1 (27) Giulian,P (2133)-Stebbings,A (2281) Rhodes 2019}) 10... bxc6 11. d3 Ba6 12. Qc2 Rd8 13. Ba5 Rd7 14. Nd2 O-O 15. Nc4 f5 16. e4 Qg5 17. f3 (17. O-O $16) 17... Rf6 18. h4 Qg3+ 19. Qf2 Qg6 20. h5 $36 {[%mdl 2048] White is pushing.} Qf7 21. Qc2 Rh6 22. O-O-O $1 Rxh5 23. Nxd6 Rxd6 24. Rxh5 $1 Qxh5 25. Qxc5 {[%mdl 64] Double Attack} Qh6+ (25... Rxd3 $16 26. Qxa7 (26. Qxe5 Rxd1+ 27. Kxd1 h6 $14) (26. Qxc6 Qh6+ 27. Qxh6 gxh6 $16) 26... Rxd1+ 27. Kxd1 Bc8) 26. Kc2 $1 $18 fxe4 27. fxe4 ({Not} 27. Qxa7 exd3+ 28. Kb2 c5 $16) 27... Qf6 28. Qxa7 c5 29. Bc3 Qf2+ {[#]} 30. Rd2 $1 {[%cal Rd2f2]} Bxd3+ 31. Kb2 $1 Qf1 {Threatens to win with ...Qb1+.} 32. Qb8+ Qf8 33. Qxf8+ Kxf8 34. Bxe5 {[%mdl 4096] Endgame KRB-KRB} Rd7 35. Kc3 Bb5 36. Rxd7 Bxd7 {KB-KB} 37. Kc4 Bc6 $2 (37... Be6+ 38. Kxc5 Ke7 39. Bxg7 Bf7) 38. Kxc5 {White is clearly winning.} Bxe4 39. Kd6 Bxg2 40. b4 {[%cal Bb3b4,Bb4b5,Bb5b6][%mdl 32]} Ke8 {[#]} 41. Kc7 $1 Ke7 42. b5 Ke6 43. Bd6 h5 44. b6 h4 45. a4 {[%cal Ba2a4,Ba4a5][%mdl 32]} g5 46. a5 Bb7 47. Kxb7 {White threatens Kc6 and mate.} Kxd6 48. Kc8 {Accuracy: White = 89%, Black = 37%.} (48. a6 $18 h3 49. Kc8) 1-0

[Event "FIDE Chesscom Grand Swiss 2019"]
[Site "Douglas-Isle of Man"]
[Date "2019.10.13"]
[Round "4.5"]
[White "Sargissian, Gabriel"]
[Black "Fedoseev, Vladimir"]
[Result "1/2-1/2"]
[WhiteElo "2690"]
[BlackElo "2664"]
[Annotator "TA"]
[PlyCount "60"]
[EventDate "2019.10.10"]
[EventType "swiss"]
[EventCountry "GBR"]
[SourceTitle "playchess.com"]
[Source "ChessBase"]
[SourceQuality "1"]

{[%evp 13,60,15,27,14,30,33,32,17,12,13,30,0,14,25,20,0,0,0,0,0,0,0,0,0,0,-22,-24,-24,0,0,0,-35,0,-60,0,0,0,0,0,0,0,0,0,0,0,0,0,0,0]} 1. d4 Nf6 2. c4 e6 3. Nc3 d5 4. Bg5 Be7 5. Nf3 Nbd7 6. e3 c6 7. Qc2 a6 8. cxd5 {D53: Queen's Gambit Declined: 4 Bg5 Be7: Early deviations} exd5 9. Bd3 Nf8 {[%cal Bd7f8,Bf8e6,Be6c5][%mdl 32]} 10. h3 {White is slightly better.} Ne6 11. Bh4 g6 12. O-O-O $146 ({Predecessor:} 12. O-O O-O 13. Bg3 Ng7 14. Qb3 Bd6 15. Ne5 Qe7 16. Rad1 Bf5 17. Bh4 Rab8 18. e4 dxe4 19. Bxe4 {1-0 (33) Kasimdzhanov,R (2672)-Orlov,A (2439) Germany 2007}) 12... O-O 13. g4 c5 14. dxc5 Nxc5 15. Nd4 Bd7 16. Kb1 Rc8 17. Qd2 Nfe4 18. Bxe4 dxe4 19. Bg3 Re8 20. Nb3 Bc6 21. Nxc5 Bxc5 22. Nd5 Ba4 23. Qc3 (23. Rc1 $1 $11) 23... Be7 (23... Bxd1 $15 24. Nf6+ {[#]} Qxf6 $1 {[%mdl 512]} 25. Qxf6 Bc2+ 26. Ka1 Rc6) 24. Bc7 $11 {The position is equal.} Bxd1 25. Bxd8 Rxc3 26. Bxe7 Bc2+ 27. Kc1 Rc6 {And now ...Bb3+ would win.} 28. Nf6+ {[#]} Rxf6 $1 {[%mdl 512]} 29. Bxf6 Rc8 30. Kd2 Bd3 {Accuracy: White = 56%, Black = 82%.} 1/2-1/2